Estatísticas para Copa do Mundo 2006

Clique aqui para jogar o quiz

Estatísticas Gerais

  • Esse quiz foi jogado 370 vezes
  • A pontuação média é 27 de 32

Estatísticas das Respostas

Resposta% Correto
Argentina
99%
Brasil
99%
Alemanha
98%
França
98%
Itália
98%
Japão
96%
Portugal
95%
Coreia do Sul
94%
Espanha
94%
Estados Unidos
94%
México
94%
Inglaterra
93%
Austrália
91%
Suiça
91%
Equador
88%
Suécia
88%
Holanda
88%
Paraguai
88%
Gana
86%
Costa Rica
85%
Croácia
84%
Sérvia e Montenegro
84%
Polônia
81%
Costa do Marfim
80%
Irã
79%
Ucrânia
76%
Arábia Saudita
74%
Tunísia
70%
Togo
67%
Angola
64%
Trinidad e Tobago
60%
República Checa
58%

Distribuição das Pontuações

Percentil de Números Respondidos

Porcentagem de Pessoas com Cada Pontuação

Sua Pontuação Histórica

Você não jogou esse quiz